Loading...
| Literature - American | 0 | 6 | 0 | 1 | 60 | 32 | 80.67 | 1 | 2 | 0.00 | 0.00 |
| Literature - British | 0 | 5 | 0 | 0 | 50 | 45 | 75.20 | 0 | 3 | 0.00 | 0.00 |
| Religion | 0 | 5 | 0 | 0 | 50 | 32 | 48.60 | 1 | 5 | 0.00 | 0.00 |
| Mythology | 0 | 5 | 0 | 1 | 50 | 53 | 74.60 | 1 | 3 | 0.00 | 0.00 |
| Literature - European | 0 | 5 | 1 | 0 | 45 | 35 | 85.00 | 1 | 1 | 0.00 | 0.00 |
| History - European | 0 | 4 | 0 | 0 | 40 | 31 | 42.50 | 2 | 3 | 0.00 | 0.00 |
| Fine Arts - Painting and Sculpture | 0 | 4 | 0 | 0 | 40 | 53 | 67.75 | 1 | 3 | 0.00 | 0.00 |
| Science - Biology | 0 | 3 | 0 | 1 | 30 | 54 | 73.00 | 0 | 0 | 0.00 | 0.00 |
| Literature - World | 0 | 4 | 2 | 0 | 30 | 22 | 54.00 | 2 | 3 | 0.00 | 0.00 |
| Social Science | 0 | 2 | 0 | 0 | 20 | 33 | 44.50 | 1 | 2 | 0.00 | 0.00 |
| Fine Arts - Other | 0 | 2 | 0 | 0 | 20 | 42 | 71.00 | 1 | 1 | 0.00 | 0.00 |
| History - World | 0 | 2 | 0 | 0 | 20 | 24 | 40.50 | 1 | 2 | 0.00 | 0.00 |
| Current Events | 0 | 1 | 0 | 1 | 10 | 99 | 99.00 | 0 | 0 | 0.00 | 0.00 |
| Science - Other | 0 | 1 | 0 | 1 | 10 | 110 | 110.00 | 0 | 0 | 0.00 | 0.00 |
| Science - Physics | 0 | 1 | 0 | 0 | 10 | 64 | 64.00 | 0 | 0 | 0.00 | 0.00 |
| Philosophy | 0 | 1 | 0 | 0 | 10 | 110 | 110.00 | 0 | 0 | 0.00 | 0.00 |
| Geography | 0 | 1 | 0 | 1 | 10 | 119 | 119.00 | 0 | 0 | 0.00 | 0.00 |
| Fine Arts - Classical Music | 0 | 2 | 2 | 0 | 10 | 54 | 82.00 | 0 | 1 | 0.00 | 0.00 |
| Science - Chemistry | 0 | 1 | 0 | 0 | 10 | 65 | 65.00 | 0 | 1 | 0.00 | 0.00 |
| History - American | 0 | 1 | 1 | 0 | 5 | 75 | 75.00 | 0 | 1 | 0.00 | 0.00 |
| History - Other | 0 | 1 | 1 | 1 | 5 | 115 | 115.00 | 0 | 0 | 0.00 | 0.00 |